| 000 | 00764nam a2200253 a 4500 | ||
|---|---|---|---|
| 001 | 000034370 | ||
| 003 | DO-SdBNP | ||
| 005 | 20240313135414.0 | ||
| 007 | ta | ||
| 008 | 111004s2010 dr ac r 001 0cspa d | ||
| 040 |
_aDO-SdBNP _bspa _cBNPHU |
||
| 082 |
_a796.357092 _bM671c |
||
| 100 | 1 |
_aMirabal, Franklin _959791 |
|
| 245 | 1 | 4 |
_aLos 100 grandes / _cFranklin Mirabal ; prol. Huchi Lora |
| 246 | 1 | 4 | _aLos cien grandes |
| 260 |
_aSanto Domingo : _bCorripio, _c2010. |
||
| 300 |
_a103 p. : _bil., retrs. ; _c29 cm. |
||
| 590 | _aInventariado, 2022 / DG | ||
| 650 | 4 |
_aJugadores de beisbol _xBiografías _959792 |
|
| 650 | 4 |
_aBeisbol _zRepública Dominicana _936893 |
|
| 700 | 1 |
_aCórdova, Cuqui, _d1929-2020 _epról. _954809 |
|
| 910 | _aDG | ||
| 942 |
_2ddc _cLBS1 |
||
| 999 |
_c52127 _d52127 |
||